00658nam a22002057a 4500003000500000005001700005008004100022010001000063011001000073035001000083040000900093082001400102110005400116245007300170260007900243300003000322490002800352650004400380830002800424CHAP20220329134726.0971013s1975 r 00010 d a24866 a25838 a29938 cCHAP a664.1bI5 aInstituto do Acucar e do Alcool. Río de Janeiro aManual de técnicas de laboratorio e fabricacao de acucar de caña aRio de Janeiro :bInstituto do Acucar e do Alcool. Río de Janeiro,c1975 a359 p.b: ilus. ; gráfs aColecao canavierav; 1814aAzúcarxFabricación y refinación.0 aColecao canavierav; 18